Business mathematics and statistics / (Record no. 15443)

MARC details
000 -LEADER
fixed length control field 00466nam a22001577a 4500
003 - CONTROL NUMBER IDENTIFIER
control field URS
005 - DATE AND TIME OF LATEST TRANSACTION
control field 20220114172017.0
008 - FIXED-LENGTH DATA ELEMENTS--GENERAL INFORMATION
fixed length control field 190716b xxu||||| |||| 00| 0 eng d
020 ## - INTERNATIONAL STANDARD BOOK NUMBER
International Standard Book Number 9789381162996
050 14 - LIBRARY OF CONGRESS CALL NUMBER
Classification number HF 5691
Item number 5531 1622
100 ## - MAIN ENTRY--PERSONAL NAME
Personal name Sharma, DR. J K
Dates associated with a name 2013-
Relator term Dr. J K Sharma
245 10 - TITLE STATEMENT
Title Business mathematics and statistics /
Statement of responsibility, etc. Dr. J K Sharma
264 #1 - PRODUCTION, PUBLICATION, DISTRIBUTION, MANUFACTURE, AND COPYRIGHT NOTICE
Place of production, publication, distribution, manufacture New Delhi
Name of producer, publisher, distributor, manufacturer Ane Books
Date of production, publication, distribution, manufacture, or copyright notice ©2013
300 ## - PHYSICAL DESCRIPTION
Extent xvii, 418p.
Other physical details Illustration
Dimensions 24cm .
942 ## - ADDED ENTRY ELEMENTS (KOHA)
Source of classification or shelving scheme Library of Congress Classification
Koha item type Foreign Books
Holdings
Withdrawn status Source of classification or shelving scheme Damaged status Not for loan Collection code Home library Current library Shelving location Date acquired Total Checkouts Full call number Barcode Date last seen Price effective from Koha item type
  Library of Congress Classification     Non-fiction Binangonan College Library Binangonan College Library Foreign Section 06/07/2023   HF 5691 5531 1622 URSBIN-01622 07/16/2019 07/16/2019 Foreign Books

University of Rizal System
Email us at univlibservices@urs.edu.ph

Visit our Website www.urs.edu.ph/library